[Event "North American-ch U08 Girls"]
[Site "Montreal"]
[Date "2010.08.19"]
[Round "7"]
[White "Sowa, Grace"]
[Black "Liu, Julia"]
[Result "0-1"]
[WhiteElo "313"]
[BlackElo "587"]
[PlyCount "54"]
[EventDate "2010.08.16"]
[EventType "swiss"]
[EventRounds "7"]
[EventCountry "CAN"]
[SourceTitle "EXT 2013"]
[Source "ChessBase"]
[SourceDate "2012.11.22"]
[SourceVersion "1"]
[SourceVersionDate "2012.11.22"]
[SourceQuality "1"]

1. d4 e6 2. Nf3 d5 3. Nc3 c5 4. e3 Nc6 5. Be2 Qb6 6. Na4 Qa5+ 7. b4 Qxa4 8. Ne5 Nxe5 9. dxe5 Qxb4+ 10. Qd2 Qe4 11. f3 Qxe5 12. g3 Qxa1 13. Bc4 dxc4 14. Ke2 Qxa2 15. e4 Nf6 16. f4 Be7 17. e5 Ne4 18. Qd3 cxd3+ 19. Kxd3 Nf2+ 20. Kc3 Nxh1 21. Bb2 Qa5+ 22. Kb3 Qb4+ 23. Ka2 c4 24. Ba3 Qxa3+ 25. Kb1 0-0 26. g4 Rd8 27. f5 Rd1# 0-1

[Event "North American-ch U08 Girls"]
[Site "Montreal"]
[Date "2010.08.16"]
[Round "1"]
[White "Desmarais, Yvema"]
[Black "Liu, Julia"]
[Result "0-1"]
[WhiteElo "329"]
[BlackElo "587"]
[PlyCount "64"]
[EventDate "2010.08.16"]
[EventType "swiss"]
[EventRounds "7"]
[EventCountry "CAN"]
[SourceTitle "EXT 2013"]
[Source "ChessBase"]
[SourceDate "2012.11.22"]
[SourceVersion "1"]
[SourceVersionDate "2012.11.22"]
[SourceQuality "1"]

1. e4 e5 2. Bc4 Bc5 3. Qh5 Qe7 4. d3 d6 5. Nf3 Nc6 6. Qg4 Bxg4 7. h3 Bh5 8. g4 Bg6 9. Nc3 0-0-0 10. d4 exd4 11. Bf4 dxc3 12. 0-0-0 cxb2+ 13. Kxb2 Bxf2 14. Rhf1 Bc5 15. h4 h5 16. gxh5 Bxh5 17. Ne5 dxe5 18. Rfe1 Bxd1 19. Rxd1 Rxd1 20. Bg5 f6 21. Be3 Bxe3 22. c3 Qd6 23. Be2 Qd2+ 24. Kb3 Rb1+ 25. Kc4 Qxe2+ 26. Kd5 Rd1+ 27. Ke6 Rd6+ 28. Kf5 Qf3+ 29. Kg6 f5+ 30. Kf7 Nd8+ 31. Kxg7 Qh5 32. c4 Qf7+ 0-1